| 000 | 00874nam a2200313 a 4500 | ||
|---|---|---|---|
| 001 | 38032 | ||
| 003 | MCM | ||
| 005 | 20211209052717.0 | ||
| 008 | 150830r19661961nyu b 000 0 eng | ||
| 035 | _a(BD-RjUL)38137 | ||
| 035 | _a(OCoLC)00503759 | ||
| 040 |
_aDLC _cCSU _dCHS _dOCL _dSER _dMYG _dBD-RjUL _beng |
||
| 041 | _aeng | ||
| 082 |
_a361 _bTRN 1966 |
||
| 090 |
_aHV40 _b.T73x 1961 |
||
| 096 | _aHM 131 T785n 1961 | ||
| 100 | 1 |
_aTrecker, Harleigh Bradley, _d1911- _9117771 |
|
| 245 | 1 | 0 | _aNew understandings of administration. |
| 260 |
_aNew York : _bAssociation Press, _cc1961 [1966] |
||
| 300 |
_a245 p. ; _c21 cm. |
||
| 504 | _aIncludes bibliography. | ||
| 650 | 0 |
_aManagement. _9117772 |
|
| 650 | 0 |
_aCharity organization. _9117773 |
|
| 942 |
_2ddc _cBK _02 |
||
| 946 | _at | ||
| 949 |
_ac _p39080021950776 |
||
| 999 |
_c38032 _d38032 |
||